Statystyki dla Znane obrazy

Kliknij tutaj aby rozwiązać quiz!

Ogólne statystyki

  • Ten quiz został rozwiązany 634 razy
  • Średni wynik to 7 z 12

Statystyki odpowiedzi

Odpowiedź% Poprawnych
Mona Lisa
99%
Ostatnia Wieczerza
95%
Dama z gronostajem
93%
Krzyk
91%
Słoneczniki
86%
Stworzenie Adama
61%
Dziewczyna z perłą
49%
Narodziny Wenus
49%
Gwiaździsta noc
32%
Guernica
30%
Panny dworskie
16%
Portret Adele Bloch-Bauer
5%

Rozkład punktacji

Percentyl według liczby udzielonych odpowiedzi

Procent ludzi z każdym wynikiem

Twoja historia wyników

Nie rozwiązałeś tego quizu